| 000 | 00590nam a2200229Ia 4500 | ||
|---|---|---|---|
| 003 | 0100 | ||
| 008 | 130227s9999 xx 000 0 und d | ||
| 020 | _a9780521130097 | ||
| 040 | _cARRUPELIB | ||
| 050 | _aBD111.C44 2007 | ||
| 100 | _aChakravartty, Anjan | ||
| 245 | 2 | _aA Metaphysics for scientific realism | |
| 245 | _bKnowing the unobservable | ||
| 260 | _aCambridge | ||
| 260 | _bCambridge University Press | ||
| 260 | _C2007 | ||
| 300 | _axvii | ||
| 300 | _b 251p 23cm | ||
| 650 | _bPainting, Etruscan - History | ||
| 650 | _cPainting, Roman - History | ||
| 942 |
_2lcc _01 |
||
| 999 |
_c4176 _d4176 |
||